000 008490000a22002530004500
090 _aAR
_b03539
245 1 0 _aSpatial autocorrelation, spatial modeling, and improvements in grasshopper survey methodology
650 1 4 _aEntomología
_94483
650 1 4 _aMétodos de investigación
_992859
650 1 4 _aModelación espacial
_910316
650 1 4 _aGrillos
_993173
650 1 4 _aDemografía
_94447
650 1 4 _aBiología de poblaciones
_996056
650 1 4 _aManejo de plagas
_91594
651 4 _dAlberta
_pCanada
_992749
653 _gMelanoplus
_eMelanoplus bivittatus
653 _gMelanoplus
_eMelanoplus packardii
653 _gMelanoplus
_eMelanoplus sanguinipes
653 _gCamnula
_eCamnula pellucida
041 0 _aInglés
100 1 _aJohnson, D. L.
_997157
942 _cARTICULO
773 1 _tCanadian Entomologist
_q579-589
_d1989
_g121
999 _c12589
_d12589